000 00478nam a22001697a 4500
003 OSt
005 20251028102440.0
008 251028b |||||||| |||| 00| 0 eng d
040 _cMRSPTU
041 _aENG
100 _aShilpa
245 _aStudy of Investment Intention of Agrarian Class A Perspective from Rural Punjab
260 _aBathinda
_bMRSPTU
_c2023
650 _aManagement
856 _uhttp://163.47.215.52:8080/jspui/handle/123456789/835
942 _2ddc
_cTH
_n0
999 _c10590
_d10590